banner-ar

المواريث فى الاسلام / (Record no. 33350)

MARC details
000 -الفاتح
حقل البيانات ثابتة الطول 00727nam a2200241Ia 4500
008 - عناصر البيانات ثابتة الطول - معلومات عامة
حقل البيانات ثابتة الطول 140319s9999 xx 000 0 ara d
040 ## - مصدر الفهرسة
وكالة الفهرسة الأصلية GCL /
وكالة النسخ GCL
082 04 - رقم تصنيف ديوى العشرى
رقم التصنيف 253.901
رقم المادة ع م
100 1# - المدخل الرئيسى - إسم شخصى
الإسم الشخصى عمر ابراهيم الراكشى
245 10 - بيان العنوان
العنوان المواريث فى الاسلام /
بيان المسئوليه,etc عمر ابراهيم الراكشى
260 ## - PUBLICATION, DISTRIBUTION, ETC. (IMPRINT)
تاريخ النشر أو التوزيع 1995
300 ## - الوصف المادى
التعداد 246 ص
490 ## - بيان السلسلة
عنوان السلسلة
650 04 - المدخل الاضافى بالموضوع-مصطلح موضوعى
مصطلح موضوعي الاسلام
650 04 - المدخل الاضافى بالموضوع-مصطلح موضوعى
مصطلح موضوعي العلم
650 04 - المدخل الاضافى بالموضوع-مصطلح موضوعى
مصطلح موضوعي الاحوال الشخصية
650 04 - المدخل الاضافى بالموضوع-مصطلح موضوعى
مصطلح موضوعي الفقه الاسلامى
650 04 - المدخل الاضافى بالموضوع-مصطلح موضوعى
مصطلح موضوعي المواريث
650 04 - المدخل الاضافى بالموضوع-مصطلح موضوعى
مصطلح موضوعي الوصايا
650 04 - المدخل الاضافى بالموضوع-مصطلح موضوعى
مصطلح موضوعي التركات
942 ## - عناصر المدخل الإضافي( كوها)
مصدر التصنيف او مخطط الترفيف Dewey Decimal Classification
Koha [default] item type كتاب
260 ## - PUBLICATION, DISTRIBUTION, ETC. (IMPRINT)
-- [S.N] :
-- الهيئة المصرية العامة للكتاب ،
Holdings
حالة التراجع حالة الفقد حالة تلف ليس للاعارة المكان المؤقت الموقع الحالى تاريخ الاكتساب اجمالي اﻻعارات رقم الطلب الباركود تاريخ اخر مشاهدة تاريخ تفعيل السعر نوع وعاء كوها
        مكتبة القاهرة الكبرى مكتبة القاهرة الكبرى 03/26/2014   253.901\ع م 79288 03/26/2014 03/26/2014 كتاب
        مكتبة القاهرة الكبرى مكتبة القاهرة الكبرى 03/26/2014   253.901\ع م 79289 03/26/2014 03/26/2014 كتاب

Powered By

EGPV